Bagaimana pengaturcaraan komputer berfungsi / (Record no. 299)
[ view plain ]
| 000 -LEADER | |
|---|---|
| fixed length control field | nam a22 a 4500 |
| 003 - CONTROL NUMBER IDENTIFIER | |
| control field | AKMAL |
| 005 - DATE AND TIME OF LATEST TRANSACTION | |
| control field | 20170503102033.0 |
| 008 - FIXED-LENGTH DATA ELEMENTS--GENERAL INFORMATION | |
| fixed length control field | 170503s1996 my 00 may d |
| 020 ## - INTERNATIONAL STANDARD BOOK NUMBER | |
| International Standard Book Number | 9838996882 (kkt.): |
| Terms of availability | RM29.90 |
| 040 ## - CATALOGING SOURCE | |
| Original cataloging agency | AKMAL |
| 082 04 - DEWEY DECIMAL CLASSIFICATION NUMBER | |
| Classification number | 005.1 APP |
| Edition number | 21 |
| 090 00 - LOCALLY ASSIGNED LC-TYPE CALL NUMBER (OCLC); LOCAL CALL NUMBER (RLIN) | |
| Classification number (OCLC) (R) ; Classification number, CALL (RLIN) (NR) | 005.1 |
| Local cutter number (OCLC) ; Book number/undivided call number, CALL (RLIN) | APP |
| 100 1# - MAIN ENTRY--PERSONAL NAME | |
| Personal name | Appleman, Daniel |
| 9 (RLIN) | 665 |
| 245 10 - TITLE STATEMENT | |
| Title | Bagaimana pengaturcaraan komputer berfungsi / |
| Statement of responsibility, etc. | Daniel Appleman ; illustrasi oleh Sarah Ishida |
| 260 ## - PUBLICATION, DISTRIBUTION, ETC. | |
| Place of publication, distribution, etc. | Kuala Lumpur : |
| Name of publisher, distributor, etc. | S. Abdul Majeed, |
| Date of publication, distribution, etc. | 1996 |
| 300 00 - PHYSICAL DESCRIPTION | |
| Extent | xii, 218ms. : |
| Other physical details | il. wrn. ; |
| Dimensions | 27cm |
| 500 ## - GENERAL NOTE | |
| General note | Mengandungi indeks |
| 500 ## - GENERAL NOTE | |
| General note | Terjemahan dari: How computer programming works. - Emeryville, Calif.: |
| 650 #0 - SUBJECT ADDED ENTRY--TOPICAL TERM | |
| Topical term or geographic name entry element | Programming (Electronic computers) |
| 9 (RLIN) | 666 |
| 650 #0 - SUBJECT ADDED ENTRY--TOPICAL TERM | |
| Topical term or geographic name entry element | Computer programming |
| 9 (RLIN) | 667 |
| 700 1# - ADDED ENTRY--PERSONAL NAME | |
| Personal name | Ishida, Sarah |
| 9 (RLIN) | 639 |
| 942 ## - ADDED ENTRY ELEMENTS (KOHA) | |
| Source of classification or shelving scheme | |
| Koha item type | Book |
| Withdrawn status | Lost status | Source of classification or shelving scheme | Damaged status | Not for loan | Collection code | Home library | Current library | Shelving location | Date acquired | Inventory number | Total Checkouts | Full call number | Barcode | Date last seen | Price effective from | Koha item type |
|---|---|---|---|---|---|---|---|---|---|---|---|---|---|---|---|---|
| NON-FICTION | AKMAL Melaka | AKMAL Melaka | PINJAMAN | 03.05.2017 | 00561 | 005.1 APP | 201701194 | 03.05.2017 | 03.05.2017 | Book |
